| 000 | 00805nam a2200205 a 4500 | ||
|---|---|---|---|
| 008 | 071031s2001 ||||||||||||||||| || u | ||
| 020 | _a0821344781 | ||
| 050 | _aIBRD(02) | ||
| 100 | _aIslam, Rizwanul | ||
| 245 | 1 | 0 |
_aEast Asian labour markets: and the economic crisis; impacts responses and lessons _cedited by Gordon Betcherman; Rizwanul Islam |
| 260 |
_aWashington, D. C. _bWorld Bank _c2001 |
||
| 300 | _axiii, 492p.: ill. | ||
| 350 | _a0.00 | ||
| 650 | _aEAST ASIA--ECONOMIC CONDITIONS | ||
| 650 | _aLABOUR MARKET--EAST AFRICA | ||
| 650 | _aLABOUR | ||
| 650 | _aLABOUR MARKET--ASIA, SOUTHEASTERN | ||
| 700 | _aBetcherman, Gordon | ||
| 995 |
_D0.00 _FCBU-MAIN LIBRARY (Kitwe) _H1 _I0.00 _M1 _UAVAILABLE _WOct 31, 2007 _ZInternational Publications |
||
| 999 |
_c40661 _d40661 |
||